000 00718nam a2200289Ia 4500
005 20260324124121.0
008 008 260324s9999 xx 000 0 eng d
020 _a9780429496196
037 _aEBOOK
040 _aCRL
040 _beng
040 _cCRL
041 _2eng
041 _aeng
084 _qCRL
100 _aJames P. Muldoon
_91172903
245 4 _aThe New Dynamics of Multilateralism
245 0 _bDiplomacy, International Organizations, and Global Governance
260 _bTaylor and Francis
260 _c2011
365 _a
365 _b230
856 _uhttp://www.taylorfrancis.com/books/9780429496196
942 _cEBOOK
999 _c1767031
_d1767031